| 000 | 00000nam 2200000za 4500 |
| 001 | 9.529638 |
| 003 | CaOODSP |
| 005 | 20200327085804 |
| 007 | ta |
| 008 | 150406|1997||||xxc||||| f|0| 0 eng d |
| 020 | |a0-662-63199-4 |
| 040 | |aCaOODSP|beng |
| 041 | |aeng |
| 041 | |afre |
| 043 | |an-cn--- |
| 086 | 1 |aC21-25/5-1997 |
| 110 | 1 |aCanada.|bIndustry Canada. |bMicro-Economic Analysis Directorate. |
| 245 | 10|aIndustry Canada's foreign investment research: messages and policy implications / |cby Ronald Hirshhorn. |
| 260 | |aOttawa - Ontario : |bIndustry Canada. |c1997. |
| 300 | |aEnglish text, 51p. : |c28 cm. |
| 490 | 1 |aDiscussion paper|v5 |
| 500 | |a"The purpose of this paper is to consider the policy implications of this body of research. Since the focus is on policy, the paper skips lightly over findings which are positive rather than normative."--Introduction. |
| 504 | |aBibliography. |
| 520 | 3 |aThe purpose of this paper is to consider the policy implications of this body of research. Since the focus is on policy, the paper skips lightly over findings which are positive rather than normative.--Introduction |
| 546 | |aBilingual |
| 563 | |aSoftcover |
| 590 | |a97-45|b1997-11-07 |
| 720 | 1 |aHirshhorn, Ronald |
| 776 | 0#|tIndustry Canada's foreign investment research |w(CaOODSP)9.571965 |
| 776 | 0#|tLa recherche d'Industrie Canada sur l'investissement étranger |w(CaOODSP)9.602385 |
| 792 | |tLa recherche d'Industrie Canada sur l'investissement étranger: enseignements et incidence sur les politiques / |efre|w(CaOODSP)9.529639 |
| 830 | #0|aDiscussion paper (Canada. Industry Canada)|v5|w(CaOODSP)9.509054 |